书目信息 |
| 题名: |
中国大学面临的选择
|
|
| 作者: | 龚友德, 著 | |
| 分册: | ||
| 出版信息: | 昆明 云南教育出版社 2013 |
|
| 页数: | 371页 | |
| 开本: | 24cm | |
| 丛书名: | 民生中国 | |
| 单 册: | ||
| 中图分类: | G649.21 | |
| 科图分类: | ||
| 主题词: | 高等学校--gao deng xue xiao--发展--研究--中国 | |
| 电子资源: | ||
| ISBN: | 978-7-5415-6407-9 | |
| 000 | 01016cam 2200277 450 | |
| 001 | 012001003328 | |
| 005 | 20130125162754.0 | |
| 010 | @a978-7-5415-6407-9@dCNY39.00 | |
| 099 | @aCAL 012013053139 | |
| 100 | @a20130424d2013 em y0chiy0121 ea | |
| 101 | 0 | @achi |
| 102 | @aCN@b530000 | |
| 105 | @ay a 000yy | |
| 106 | @ar | |
| 200 | 1 | @a中国大学面临的选择@Azhong guo da xue mian lin de xuan ze@f龚友德著 |
| 210 | @a昆明@c云南教育出版社@d2013 | |
| 215 | @a371页@d24cm | |
| 225 | 2 | @a民生中国@Amin sheng zhong guo |
| 320 | @a有书目 (第368-369页) | |
| 330 | @a本书从选择学原理人手,结合大学选择的一般理论与中国大学所面临选择的实际问题,在大学教育理念、培养模式和运行机制三个维度展开讨论。本书侧重于对大学精神层面选择的分析,对大学制度层面的路径选择也做了有益的探讨。 | |
| 410 | 0 | @12001@a民生中国 |
| 606 | 0 | @a高等学校@Agao deng xue xiao@x发展@x研究@y中国 |
| 690 | @aG649.21@v5 | |
| 701 | 0 | @a龚友德,@Agong you de@f1943-@4著 |
| 801 | 2 | @aCN@b江苏凤凰@c20191020 |
| 905 | @b1217753-6@dG649.21@e1234@f4 | |
| 中国大学面临的选择/龚友德著.-昆明:云南教育出版社,2013 |
| 371页;24cm.-(民生中国) |
| ISBN 978-7-5415-6407-9:CNY39.00 |
| 本书从选择学原理人手,结合大学选择的一般理论与中国大学所面临选择的实际问题,在大学教育理念、培养模式和运行机制三个维度展开讨论。本书侧重于对大学精神层面选择的分析,对大学制度层面的路径选择也做了有益的探讨。 |
| ● |
| 相关链接 |
|
|
|
|
正题名:中国大学面临的选择
索取号:G649.21/1234
 
预约/预借
| 序号 | 登录号 | 条形码 | 馆藏地/架位号 | 状态 | 备注 |
| 1 | 1217753 | 212177534 | 第一样本阅览室/ [索取号:G649.21/1234] | 在馆 | |
| 2 | 1217754 | 212177543 | 教育系资料室/ [索取号:G649.21/1234] | 在馆 | |
| 3 | 1217755 | 212177552 | 教育系资料室/ [索取号:G649.21/1234] | 在馆 | |
| 4 | 1217756 | 212177561 | 第四借阅区/ [索取号:G649.21/1234] | 在馆 |